Cleveland Cavaliers 2023 Roster - Statistics

General Stats
  • This quiz has been taken 22 times
  • The average score is 9 of 17
Answer Stats
Hint Answer % Correct
31 Jarrett Allen
100%
10 Darius Garland
95%
45 Donovan Mitchell
95%
4 Evan Mobley
95%
15 Isaiah Mobley
85%
3 Caris LeVert
70%
35 Isaac Okoro
65%
16 Cedi Osman
45%
32 Dean Wade
45%
20 Sam Merrill
45%
13 Ricky Rubio
35%
33 Robin Lopez
35%
8 Lamar Stevens
30%
9 Dylan Windler
20%
19 Raul Neto
20%
14 Danny Green
15%
31 Mamadi Diakite
10%
No matching quizzes found
Score Distribution
Percent of People with Each Score
Percentile by Number Answered
Your Score History
You have not taken this quiz